000 00507nam a2200193Ia 4500
005 20250508161538.0
008 008 250505s9999 xx 000 0 eng d
037 _aTextual
040 _aFEDL
_beng
_cFEDL
041 _aeng
_2eng
084 _a370, GAN
_qFEDL
100 _aGandhi M. K.
245 0 _aTo students
260 _aAhmedabad, India
_bNavjivan Prakashan Mandir
_c1953
300 _aviii,195p.
650 _aEducation
942 _cTEXL
_h370, GAN
999 _c1370691
_d1370691